000 00396nam a2200157 4500
003 SEACOMEC
005 20241004153345.0
008 241004b |||||||| |||| 00| 0 eng d
020 _c185.00
040 _aSEACOMEC
082 _a005.133
_bP964
110 _aITLESL
245 _aProgramming and Problem Solving Through 'C' Language
_c/ ITLESL
260 _aDelhi
_bMacmillan
_c2003
942 _cBOOK
999 _c1742
_d1742